Quizzes
Events
Quiz Creation
Community
Videos
Private Events
Remove Ads
Sign In
Join for FREE
Feedback
Dark Mode
Quiz Categories
Sports
Geography
Music
Movies
Television
Just For Fun
Miscellaneous
History
Literature
Language
Science
Gaming
Entertainment
Religion
Holiday
For Kids
Quiz Lab
Recent
Popular Today
Quiz Kudos Today
Editor Picks
Curator Picks
Quizzes by...
Day
Popularity
Type
Ratings
Length
Year
Community
Subscriptions
Recent Discussions
Orange Saloon
Badges
Playlists
Quests
Create
Leaderboards
Showdown
Live 5
Trivia Bingo
Activity
Puzzle Library
Sporcle Events
Private Events
Virtual Trivia
Globe League
Become a Host
Pub Owners
SporcleCon
Opinionation
Our Games
Videos
Blog
Mobile Apps
Partnerships
Remove Ads and Go Orange
Feedback
Music
Pop Music
The Beatles
Song
Album
Lyrics
Bands
Singers
Artist
Clip
Rock
Rap
Classical
Billboard
Country Music
Kpop
Taylor Swift
Music
Pop Music
The Beatles
Song
Album
Lyrics
Bands
Singers
Artist
Clip
Rock
Rap
Classical
Billboard
Country Music
Kpop
Taylor Swift
Random Quiz
Search Sporcle
×
Quiz Lab
Quiz Lab
Music
Bands
Type in answers that appear in a list
Type in answers that appear in a list
Classic
Best Score? Go Orange.
Hipster Music Stats
Can you name the Hipster bands by a song they wrote?
By
gethris
3m
20 Questions
444 Plays
444 Plays
444 Plays
Comments
Comments
Give Quiz Kudos
Give Quiz Kudos
-
- Ratings
hide this ad
Random Order
Randomize order of answers
Randomize order of answers
Replay
Link that replays current quiz
Next Quiz
Link to next quiz in quiz playlist
You Got
0%
They Got
Avg Score
23%
Avg Friend Score
Upgrade to see
Score Distribution
Jump to the score distribution portion of the page
Score
0/20
Timer
03:00
0
Plays Today
Song
Band
% Correct
Lizstomania
Phoenix
73.9%
Aeroplane Over the Sea
Neutral Milk Hotel
68.5%
New Slang
The Shins
60.6%
White Winter Hymnal
Fleet Foxes
60.4%
Come on, feel the Illinoise!
Sufjan Stevens
55.4%
First Day of My Life
Bright Eyes
38.5%
Heavy Metal Drummer
Wilco
28.4%
The General
Dispatch
15.8%
Forks and Knives (La Fete)
Beirut
13.1%
I Won't Be Found
The Tallest Man on Earth
10.6%
Song
Band
% Correct
High Fidelity
Regina Spektor
7.4%
Marathon
Tennis
5.4%
I'm So Tired
Fugazi
5.4%
Milk Thistle
Conor Oberst and the Mystic Valley Band
4.5%
Division Day
Elliot Smith
4.1%
Zorbing
Stornaway
3.4%
Bathysphere
Smog
2.3%
Seven Seas
Echo and the Bunnymen
1.8%
Blink
Chameleon Circuit
1.8%
Whale
Yellow Ostritch
1.4%
Quiz Playlist
Details
Report
Send in Message
Add To Playlist
Classic:
Type in answers that appear in a list
Random Order:
Randomize order of answers
Quiz Source
Last Updated: Feb 16, 2017
Quiz Scoreboard
CHALLENGE
Sign Up to Join the Scoreboard
Show All
Scores
Hide
Comments
May contain spoilers
Recently Published
Decade Duel: World Leaders
by jenniferyan
History
4m
Alphabetical 'K' Countries by Flag Minefield
by ylime102
Geography
3m
Pick 6: Fruits
by JohnFran
Miscellaneous
15s
More to Explore
Quiz From the Vault
Featured Blog Post
15 Basketball Trivia Facts You Can Be March Mad About
hide this ad
You Might Also Like...
Tags
Bands Quiz
Song Quiz
Today's Top Quizzes in Music
Browse Music
hide this ad
Today's Top Quizzes in Bands
Browse Bands
Top Contributed Quizzes in Music
1
Taylor Swift All Songs (2024)
2
KPOP LOGIC QUIZ
3
Taylor Swift Logic Puzzle
4
Decade Duel: Singer
5
Guess the Taylor Swift song (Mystery Song)
6
A Taylor Swift Logic Puzzle
7
Guess The Taylor Swift Lyrics Song #1
8
kpop group name match up
9
2 word kpop group match
10
K-Pop : 100 Debut Songs (Part 1 of 3)
Explore More
Trending Topics
Kpop
NBA
Anime
Crossword
Harry Potter
Disney
Marvel
NFL
The Office
Soccer
Country
Pokémon
Puzzle
WWE
Song
hide this ad
More By:
gethris
Quiz
Plays
Rating
Category
Featured
Created
Hipster Music
444
1.00
Music
Sep 29, 2011
Ancient Roman History
336
History
Dec 13, 2011
Playwrights by play
247
4.50
Literature
May 31, 2011
Authors by book
114
3.00
Literature
Apr 28, 2011
Doctor Who Trivia
93
4.00
Television
Dec 24, 2011
Go to Creator's Profile
Score Distribution
Quiz Creator Spotlight
gethris
Follow
Send a Message
Quizzes Created
-
Created Quiz Play Count
-
More By This Creator
Popular Quizzes Today
1
Countries of Asia Without Outlines Minefield
2
Find the US States - No Outlines Minefield
3
Pick 6: Fruits
4
The Countries of the World
5
Alphabetical 'K' Countries by Flag Minefield
6
Find the Countries of Europe - No Outlines Minefield
7
US States
8
Find the US States
More Music Quizzes
Taylor Swift: the 1 (Lyrics)
Quiz Lab
Trending Quizzes
Pick 6: Mountains
Pick 6: Harry Potter
Pick 6: Flags
Pick 6: NFL Teams
Pick 6: Movie Franchises
Recently Updated
Adaptations: Name the Title
pecheneg
NWSL Teams
pecheneg
Women's Final Four Teams by Year
bhenderson79
Presidents Quartet II
eogle
Anything But Clue(do)
eogle
Anything But Oceanian Capitals
eogle
Anything But 7
eogle
Anything But Thing
eogle
Word Ladder: February 29
pecheneg
Song Title Questions
pecheneg
Trending Topics
Disney
Kpop
Harry Potter
NBA
Marvel
Anime
Crossword
The Office
Song
NFL
Country
Pokémon
Soccer
Puzzle
WWE
Your Account Isn't Verified!
In order to create a playlist on Sporcle, you need to verify the email address you used during registration. Go to your
Sporcle Settings
to finish the process.
Report this User
Report this user for behavior that violates our
Community Guidelines
.
Details:
Send Report
Go to the Sporcle.com Mobile Site →
Comments